Kollizii privatizacii. Na materiale Armenii.

Diskusie o privatizácii prebiehajú v súčasnosti na praktickej úrovni: aká má byť privatizácia, čo privatizovať, v prospech koho privatizovať, v akom čase a na základe akého ocenenia privatizovať. Uvedenie schémy, ukazujúcej na vzťahy medzi cieľmi a motívmi privatizácie, jej spôsobmi, prostriedkami,...

Ausführliche Beschreibung

Gespeichert in:
Bibliographische Detailangaben
1. Verfasser: Manasjan, G.
Format: Buchkapitel
Sprache:Russisch
Schlagworte:
Tags: Tag hinzufügen
Keine Tags, Fügen Sie das erste Tag hinzu!

MARC

LEADER 00000naa a2200000 4500
001 r010995
005 20221130113214.1
041 0 |a rus 
044 |a [SU] 
245 1 0 |a Kollizii privatizacii.  |b Na materiale Armenii.  |c G. Manasjan 
520 |a Diskusie o privatizácii prebiehajú v súčasnosti na praktickej úrovni: aká má byť privatizácia, čo privatizovať, v prospech koho privatizovať, v akom čase a na základe akého ocenenia privatizovať. Uvedenie schémy, ukazujúcej na vzťahy medzi cieľmi a motívmi privatizácie, jej spôsobmi, prostriedkami, formami, organizačnými predpokladmi a ďalšími aspektami privatizácie. Príklad výberu stratégie privatizácie v Republike Arménsko a jej legislatívneho zabezpečenia. 
610 2 0 |a privatizácia 
610 2 0 |a analýza ekonomická 
610 2 0 |a Arménsko 
610 2 0 |a organizácia 
610 2 0 |a stratégia hospodárska 
610 2 0 |a legislatíva 
100 1 |a Manasjan, G.